000 01201cam a22002771i 4500
003 SA-RiAUC
005 20250602105852.0
008 250525s1966____ua g 000 0 ara c
040 _aSA-JeALM
_bara
_cSA-RiAUC
_erda
050 4 _b.N33 1966
082 0 4 _a237.3
_qSA-RiAUC
090 _a237.3
_b ن ب هـ
100 1 _aالنبهاني، يوسف بن إسماعيل بن يوسف،
_d1265-1350 هجري
_eمؤلف.
245 1 0 _aجامع الصلوات ومجمع السعادات في الصلاة على سيد السادات صلى الله عليه وسلم /
_cيوسف بن إسماعيل بن يوسف النبهاني.
250 _aالطبعة الاولى.
264 1 _aالقاهرة :
_bمطبعة المدني،
_c1966
300 _a271 صفحة ؛
_c20 سم
336 _aنص
_btxt
_2rdacontent
_3كتاب
337 _aبدون وسيط
_bn
_2rdamedia
338 _aمجلد
_bnc
_2rdacarrier
650 7 _aالصلاة على النبي (صلى الله عليه وسلم)
_2aucsh
650 7 _aالأدعية والأوراد
_2aucsh
650 7 _aالحديث
_xجوامع الفنون
_2aucsh
942 _2ddc
_cBOOK
_n0
949 _aSA-JeALM
_d250525
_uosman123
_n1
999 _c8672
_d8672